Slova, která se hodí, aneb, Jak si povídat o matematice, kybernetice a informatice /
Uložené v:
| Hlavný autor: | |
|---|---|
| Médium: | Kniha |
| Jazyk: | Czech |
| Vydané: |
Praha :
Academia,
2006
|
| Vydanie: | Vyd. 1. |
| Témy: | |
| ISBN: |
8020014454 (viaz.) |
| Fyzický popis: |
348 s. : fotogr. ; 23 cm |
| Tagy: |
Pridať tag
Žiadne tagy, Buďte prvý kto otaguje tento záznam!
|
Titul je dostupný aj v ... 

MARC
| LEADER | 00000nam a2200000 a 4500 | ||
|---|---|---|---|
| 001 | 000293321 | ||
| 005 | 20070504071219.0 | ||
| 008 | 070302s2006 xr a e 001 0 czeo | ||
| 020 | |a 8020014454 (viaz.) | ||
| 040 | |a SVKKK |b slo |c SVKKK |e AACR2 | ||
| 041 | 0 | |a cze | |
| 044 | |a xr |c CZ | ||
| 072 | 7 | |a 510 |x Všeobecné úvahy o matematike |2 konspekt | |
| 080 | |a 51 |2 1997 | ||
| 080 | |a 007 |2 1997 | ||
| 080 | |a 007+004 |2 1997 | ||
| 080 | |a 004.38 |2 1997 | ||
| 080 | |a (0.062) |2 1997 | ||
| 100 | 1 | |a Mareš, Milan, |d 1943- |4 aut | |
| 245 | 1 | 0 | |a Slova, která se hodí, aneb, Jak si povídat o matematice, kybernetice a informatice / |c Milan Mareš |
| 246 | 3 | 3 | |a Jak si povídat o matematice, kybernetice a informatice |
| 250 | |a Vyd. 1. | ||
| 260 | |a Praha : |b Academia, |c 2006 | ||
| 300 | |a 348 s. : |b fotogr. ; |c 23 cm | ||
| 504 | |a Poznámky pod čiarou. Register | ||
| 650 | 0 | 7 | |a matematika |2 SVKKKPH |
| 650 | 0 | 7 | |a kybernetika |2 SVKKKPH |
| 650 | 0 | 7 | |a informatika |2 SVKKKPH |
| 650 | 0 | 7 | |a počítače |2 SVKKKPH |
| 655 | 7 | |a populárno-náučné publikácie |2 SVKKKPH | |
| 655 | 7 | |a príručky |2 SVKKKPH | |
| 919 | |a 80-200-1445-4 | ||
| 998 | |a BK | ||
| 090 | |g SCKHL |k Sklad Pribinova prízemie |a IV.198934 |j 987390 |i 2720096187 |s Absenčne | ||